000 00756nam a22002655i 4500
001 19483033
003 OSt
005 20231006125914.0
008 170206s2017 nyu 000 0 eng
010 _a 2017933224
020 _a9781119590514
040 _aDLC
_beng
_erda
_cDLC
042 _apcc
082 _a627 MAY 2019.
245 0 0 _aWater resources engineering :
_bessential methods /
_c[edited by] Rose Marie O. Mendoza.
263 _a1704
264 1 _aNew York, NY :
_bArcler Press LLC,
_c2019
300 _apages cm
336 _atext
_btxt
_2rdacontent
337 _aunmediated
_bn
_2rdamedia
338 _avolume
_bnc
_2rdacarrier
906 _a0
_bibc
_corignew
_d2
_eepcn
_f20
_gy-gencatlg
942 _2ddc
_cO_SHELF
999 _c8189
_d8189